[Event "Ostrava Konik op-A"]
[Site "Ostrava"]
[Date "2016.04.30"]
[Round "1"]
[White "Kondula, Lukas"]
[Black "Chlevistan, Jakub"]
[Result "0-1"]
[WhiteElo "2008"]
[BlackElo "2158"]
[PlyCount "70"]
[EventDate "2016.04.30"]
[EventType "swiss"]
[EventRounds "9"]
[EventCountry "CZE"]
[SourceTitle "CBM 172 Extra"]
[Source "ChessBase"]
[SourceDate "2016.06.21"]
[SourceVersion "1"]
[SourceVersionDate "2016.06.21"]
[SourceQuality "1"]

1. e4 c5 2. Nf3 e6 3. d4 cxd4 4. Nxd4 Nc6 5. Be3 Nf6 6. Nc3 Bb4 7. Nxc6 bxc6 8. e5 Nd5 9. Bd2 Nxc3 10. bxc3 Bc5 11. Qg4 Kf8 12. Bd3 d6 13. f4 Rb8 14. Ke2 h5 15. Qf3 d5 16. Rab1 Bb6 17. Be3 Qc7 18. a4 Ra8 19. Qf2 Bxe3 20. Qxe3 c5 21. c4 Bd7 22. f5 exf5 23. Qf4 g5 24. Qxg5 Qxe5+ 25. Qe3 Qd6 26. Kf2 Re8 27. Qf3 dxc4 28. Be2 Bc6 29. Qc3 Rg8 30. Bf3 Bxf3 31. gxf3 Qf4 32. Rhg1 Qh4+ 33. Kf1 Qh3+ 34. Kf2 Rxg1 35. Kxg1 Re2 0-1

[Event "Ostrava Konik op"]
[Site "Ostrava"]
[Date "2014.04.26"]
[Round "1"]
[White "Sramek, Vojtech"]
[Black "Kondula, Lukas"]
[Result "0-1"]
[WhiteElo "1580"]
[BlackElo "1997"]
[PlyCount "60"]
[EventDate "2014.04.26"]
[EventType "swiss"]
[EventRounds "9"]
[EventCountry "CZE"]
[SourceTitle "CBM 160 Extra"]
[Source "ChessBase"]
[SourceDate "2014.07.01"]
[SourceVersion "1"]
[SourceVersionDate "2014.07.01"]
[SourceQuality "1"]

1. e4 e5 2. Nf3 Nc6 3. Bc4 Nf6 4. Ng5 d5 5. exd5 Na5 6. Bb5+ c6 7. dxc6 bxc6 8. Be2 h6 9. Nf3 e4 10. Ne5 Bd6 11. d4 exd3 12. Nxd3 Qc7 13. h3 0-0 14. 0-0 Be6 15. Nc3 Rad8 16. Bd2 Nc4 17. a3 Nxd2 18. Qxd2 a6 19. Qc1 c5 20. b3 c4 21. bxc4 Bxc4 22. Nd1 Rfe8 23. Ne3 Be6 24. Re1 Rc8 25. Qd2 Red8 26. Rec1 Be5 27. Rab1 Bc3 28. Qd1 Ba2 29. Rb3 Bxb3 30. cxb3 Qa7 0-1

[Event "Ostrava Konik op-A"]
[Site "Ostrava"]
[Date "2012.05.01"]
[Round "4"]
[White "Kondula, Lukas"]
[Black "Glacner, Karel"]
[Result "1-0"]
[WhiteElo "1912"]
[BlackElo "1649"]
[PlyCount "83"]
[EventDate "2012.04.28"]
[EventType "swiss"]
[EventRounds "9"]
[EventCountry "CZE"]
[SourceTitle "CBM 148 Extra"]
[Source "ChessBase"]
[SourceDate "2012.06.22"]
[SourceVersion "1"]
[SourceVersionDate "2012.06.22"]
[SourceQuality "1"]

1. e4 c5 2. Nc3 Nc6 3. g3 g6 4. Bg2 Nf6 5. f4 e5 6. d3 d6 7. Nf3 Nd4 8. fxe5 Nxf3+ 9. Qxf3 Ng4 10. 0-0 Nxe5 11. Qf2 Bg7 12. h3 0-0 13. Be3 Be6 14. Qe2 Qd7 15. Kh2 Nc6 16. Qd2 Rfe8 17. Rae1 Re7 18. b3 b6 19. Nd5 Bxd5 20. exd5 Nd4 21. a4 Nf5 22. Bf4 Rae8 23. Re4 Be5 24. c3 Ng7 25. Bg5 Nh5 26. Bf4 f5 27. Rxe5 dxe5 28. Bg5 Rf7 29. c4 Qd6 30. Bf3 Nf6 31. Re1 Nd7 32. Kg2 Kf8 33. h4 Nf6 34. Qb2 Ng4 35. Bxg4 fxg4 36. Qe2 Rf3 37. Bf4 exf4 38. Qxe8+ Kg7 39. Re7+ Qxe7 40. Qxe7+ Kg8 41. gxf4 Rxd3 42. d6 1-0

[Event "Ostrava Konik op-A"]
[Site "Ostrava"]
[Date "2012.04.30"]
[Round "3"]
[White "Pavera, Vit"]
[Black "Kondula, Lukas"]
[Result "1-0"]
[WhiteElo "2004"]
[BlackElo "1912"]
[PlyCount "89"]
[EventDate "2012.04.28"]
[EventType "swiss"]
[EventRounds "9"]
[EventCountry "CZE"]
[SourceTitle "CBM 148 Extra"]
[Source "ChessBase"]
[SourceDate "2012.06.22"]
[SourceVersion "1"]
[SourceVersionDate "2012.06.22"]
[SourceQuality "1"]

1. c4 f5 2. g3 Nf6 3. Bg2 e6 4. Nf3 Be7 5. b3 0-0 6. Bb2 d5 7. 0-0 c6 8. d3 Nbd7 9. Nbd2 Bb4 10. a3 Bxd2 11. Qxd2 Re8 12. Ne5 Nxe5 13. Bxe5 Ng4 14. Qb2 Nxe5 15. Qxe5 Qf6 16. Qxf6 gxf6 17. cxd5 cxd5 18. Rac1 Bd7 19. Rc5 Rac8 20. Rfc1 Rxc5 21. Rxc5 Rc8 22. d4 b6 23. Rxc8+ Bxc8 24. e3 Ba6 25. Bf3 Bd3 26. Bd1 a5 27. Kg2 b5 28. b4 axb4 29. axb4 Kf7 30. Kh3 Bc4 31. Kh4 Bd3 32. Bh5+ Kg7 33. Bd1 Kf7 34. f4 Bc4 35. Kh5 Kg7 36. g4 Bd3 37. g5 fxg5 38. fxg5 Bc4 39. Kh4 Bd3 40. Kg3 Kf7 41. Kf4 Ke7 42. Ke5 f4 43. exf4 Bg6 44. Bg4 Bf7 45. f5 1-0

[Event "Ostrava op"]
[Site "Ostrava"]
[Date "2009.05.03"]
[Round "2"]
[White "Kondula, Lukas"]
[Black "Hasinski, Sebastian"]
[Result "1-0"]
[WhiteElo "1905"]
[BlackElo "1786"]
[PlyCount "59"]
[EventDate "2009.05.02"]
[EventType "swiss"]
[EventRounds "9"]
[EventCountry "CZE"]
[SourceTitle "EXT 2011"]
[Source "ChessBase"]
[SourceDate "2010.11.26"]
[SourceVersion "1"]
[SourceVersionDate "2010.11.26"]
[SourceQuality "1"]

1. e4 e5 2. Nf3 Nc6 3. Bb5 a6 4. Ba4 Nf6 5. 0-0 b5 6. Bb3 Bc5 7. c3 Nxe4 8. d4 exd4 9. cxd4 Be7 10. d5 Na5 11. Bc2 Nd6 12. Qd3 Nab7 13. Re1 f6 14. Be3 Nc4 15. Bd4 d6 16. Nh4 Ne5 17. Qg3 0-0 18. f4 Nc4 19. b3 Nb6 20. Bxb6 cxb6 21. Qe3 Rf7 22. Nf5 Kf8 23. Nd2 g6 24. Nd4 Bd7 25. f5 g5 26. b4 Rc8 27. Rac1 Kg8 28. Bb3 Bf8 29. Nc6 Qe8 30. Qxb6 1-0